عرض عادي
عرض مارك
- Energy transition
دخول Topical Term
001 - CONTROL NUMBER
- control field: 25361
003 - CONTROL NUMBER IDENTIFIER
- control field: AE-AdECS
005 - DATE AND TIME OF LATEST TRANSACTION
- control field: 20260120103644.0
008 - FIXED-LENGTH DATA ELEMENTS
- fixed length control field: 260120|| aca||aabn | a|a d
040 ## - CATALOGING SOURCE
- Original cataloging agency: AE-AdECS
- Transcribing agency: AE-AdECS
150 ## - HEADING--TOPICAL TERM
- Topical term or geographic name entry element: Energy transition
- General subdivision: Political aspects
670 ## - SOURCE DATA FOUND
- Source citation: Work cat.: (AE-AdECS)293801: J. Bradshaw, Michael, author. 25360, The Geopolitics of Energy System Transformation :
